01399cam a22003134a 450000100090000000300040000900500170001300800410003001000170007102000180008804000090010604200080011504300120012305000260013508200250016110000210018624501070020726000390031430000120035349000380036550400660040350503590046961000450082861000280087365000310090165100390093283000390097185600750101016418559OSt20200519115552.0100812s2011 ilu b 001 0 eng c a 2010034634 a9788178243320 coclc apcc aa-pk---00aBP190.5.S35bI67 201100a320.557095491bIQT/S aIqtidar, Humeira10aSecularizing Islamists? :bJama'at-e-Islami and Jama'at-ud-Da'wa in urban Pakistan /cHumeira Iqtidar. aRanikhet:bPermanent Black,c2011. a216 p. 1 aSouth Asia across the disciplines aIncludes bibliographical references (p. [163]-211) and index.0 aSecularism in Pakistan : A failed experiment? -- Colonial secularism and islamism in north india -- A relationship of creativity? -- Jama'at-e-Islami Pakistan -- Learning from the opposition -- Competition among allies -- JD and JI in urban Lahore -- Harbingers of change? -- Women in Islamist parties -- Conclusion: Islamists--Secularizing and liberal?.20aJamāʻat-i Islāmī-yi Pākistān.20aJamat al-Dawa Pakistan. 0aIslam and statezPakistan. 0aPakistanxPolitics and government. 0aSouth Asia across the disciplines.423Book review (H-Net)uhttp://www.h-net.org/reviews/showrev.php?id=35537